| 000 | 00375nam a2200145 a 4500 | ||
|---|---|---|---|
| 005 | 20140414093847.0 | ||
| 008 | 110107s19uu xx 00 eng d | ||
| 050 |
_aVCD 500 _bCRA 2009 |
||
| 100 | _aScholastic | ||
| 245 |
_aCracks a yolk : _bTopic - eggs / _cScholastic. |
||
| 260 |
_aNew York : _bScholastic, _c2009. |
||
| 650 | _aScience | ||
| 942 | _cAVM | ||
| 999 |
_c109687 _d109687 |
||